|
|
|
|
| LEADER |
01109naa a2200253 i 4500 |
| 001 |
acta76413 |
| 005 |
20220822102338.0 |
| 008 |
220809s2012 hu o 1|| eng d |
| 020 |
|
|
|a 978-963-315-066-5
|
| 040 |
|
|
|a SZTE Egyetemi Kiadványok Repozitórium
|b hun
|
| 041 |
|
|
|a eng
|
| 100 |
1 |
|
|a Verdes Orsina
|
| 245 |
1 |
0 |
|a Reproducibility and accuracy problems of the gas-chromatographic response factors for the reaction products resulting from the catalytic bio-ethanol conversion
|h [elektronikus dokumentum] /
|c Verdes Orsina
|
| 260 |
|
|
|a SZAB
|b Szeged
|c 2012
|
| 300 |
|
|
|a 159-162
|
| 490 |
0 |
|
|a Proceedings of the International Symposium on Analytical and Environmental Problems
|v 17
|
| 650 |
|
4 |
|a Természettudományok
|
| 650 |
|
4 |
|a Kémiai tudományok
|
| 695 |
|
|
|a Gázkromatográfia
|
| 700 |
0 |
1 |
|a Avram Livia
|e aut
|
| 700 |
0 |
1 |
|a Popa A.
|e aut
|
| 700 |
0 |
1 |
|a Sasca V. Z.
|e aut
|
| 711 |
|
|
|a International Symposium on Analytical and Environmental Problems (17.) (2011) (Szeged)
|c Szeged
|d 2011. szeptember 19.
|
| 856 |
4 |
0 |
|u http://acta.bibl.u-szeged.hu/76413/1/proceedings_of_isaep_2011_159-162.pdf
|z Dokumentum-elérés
|